000 00784nam a2200253 i 4500
003 DO-SdBNP
005 20240701141909.0
006 a||||gr|||| 00| 0
007 ta
008 240701e2024 |||||||| |||| 00| f spa d
020 _a9789945940701
040 _aDO-SdBNP
_bspa
_cBNPHU
_erda
082 4 _222
_bC965e
245 1 0 _aElisa y la ciudad de los gatos /
_cLucy Cuevas ; Ilustraciones de Rachel Ortíz La Rosa
264 1 _aSanto Domingo :
_bRío de Oro Editores,
_c2024
300 _a26 páginas :
_bilustraciones ;
_c26 cm.
336 _2rdacontent
_atexto
_btxt
337 _2rdamedia
_asin mediación
_bn
338 _2rdacarrier
_avolumen
_bnc
590 _aInventariado 2024/ DG
700 1 _aOrtíz la Rosa, Rachel
_943373
_eilustrador
910 _aDG
942 _2ddc
_cLF2
999 _c57093
_d57093